Diario Oficial, junio (Registro nro. 36181)
[ vista simple ]
| 000 -CABECERA | |
|---|---|
| Longitud fija campo de control | 01219nms a22002057a 4500 |
| 003 - IDENTIFICADOR DELl NÚMERO DE CONTROL | |
| Identificador del número de control | OSt |
| 005 - FECHA Y HORA DE LA ÚLTIMA TRANSACCIÓN | |
| Fecha y hora de la última transacción | 20251024230452.0 |
| 008 - CÓDIGOS DE INFORMACIÓN DE LONGITUD FIJA | |
| Códigos de información de longitud fija | 160818b xxu||||| |||| 00| 0 eng d |
| 010 ## - NÚMERO DE CONTROL DE LA BIBLIOTECA DEL CONGRESO | |
| Número de control de LC | http://34.236.229.248:8080/cgi-bin/koha/cataloguing/addbiblio.pl?biblionumber=33255&op=duplicate# |
| 040 ## - FUENTE DE LA CATALOGACIÓN | |
| Centro transcriptor | BMC |
| 082 ## - NÚMERO DE LA CLASIFICACIÓN DECIMAL DEWEY | |
| Número de edición | |
| Númeroo de clasificación | 342.026437284 |
| 245 00 - MENCIÓN DE TÍTULO | |
| Título | Diario Oficial, junio |
| Resto del título | : República de El Salvador |
| Mención de responsabilidad, etc. | Imprenta Nacional |
| 260 ## - PUBLICACIÓN, DISTRIBUCIÓN, ETC. (PIE DE IMPRENTA) | |
| Lugar de publicación, distribución, etc. | San Salvador (El Salvador) |
| Nombre del editor, distribuidor, etc. | Imprenta Nacional |
| Fecha de publicación, distribución, etc. | 2025 |
| 300 ## - DESCRIPCIÓN FÍSICA | |
| Extensión | Datos (20 archivos: 685 MB) |
| Otras características físicas | 12 cm |
| 490 ## - MENCIÓN DE SERIE | |
| Mención de serie | Diario Oficial 447 |
| 505 ## - NOTA DE CONTENIDO CON FORMATO | |
| Nota de contenido con formato | Contiene: Renovación planes de estudio; Ingeniería eléctrica.- Ing. en telecomunicaciones y redes.- Ingeniería mecánica.- Ingeniería Química,. Lic. en ciencias Religiosas.- Lic. en gestión y negocios digitales.- Lic. en relaciones internacionales.- Lic. en Idioma Ingles (presencial y semi presencial).- MAE, en investigación educativa.- MAE en Dirección estratégica de empresas.- MAE en gerencia y gestión ambiental.- Técnico en enfermería.- Técnico en textiles.- |
| 650 24 - PUNTO DE ACCESO ADICIONAL DE MATERIA - TÉRMINO DE MATERIA | |
| 9 (RLIN) | 6431 |
| Término de materia o nombre geográfico como elemento inicial | Control constitucional de leyes |
| Subdivisión geográfica | El Salvador |
| 710 ## - PUNTO DE ACCESO ADICIONAL - NOMBRE DE ENTIDAD | |
| 9 (RLIN) | 39504 |
| Nombre de entidad o nombre de jurisdicción como elemento inicial | Imprenta Nacional de El Salvador |
| 942 ## - ENTRADA DE ELEMENTOS AGREGADOS (KOHA) | |
| Fuente de clasificaión o esquema | Dewey Decimal Classification |
| Koha [por defecto] tipo de item | 3- Discos Compactos |
| Parte de clasificación | prozim |
| Suprimido | Perdido | Fuente de clasificación o esquema | Estropeado | Restricciones de uso | No para préstamo | Código de colección | Localización permanente | Localización actual | Localización en estanter&íacute;as | Fecha adquisición | Fuente de adquisición | Número de inventario | Préstamos totales | Signatura completa | Código de barras | Fecha última consulta | Fecha del precio de reemplazo | Tipo de item de Koha |
|---|---|---|---|---|---|---|---|---|---|---|---|---|---|---|---|---|---|---|
| NULL | NULL | Dewey Decimal Classification | NULL | Prestable | NULL | NULL | Biblioteca Miguel de Cervantes - UNICAES | Biblioteca Miguel de Cervantes - UNICAES | Sala Principal | 23/08/2025 | Compra | 000150 | CDO- 000150 | 1054663 | 13/05/2026 | 13/05/2026 | 3- Discos Compactos |